| 000 | 00969nam a2200253Ia 4500 | ||
|---|---|---|---|
| 003 | OSt | ||
| 005 | 20221005105138.0 | ||
| 006 | a|||||r|||| 00| 0 | ||
| 007 | ta | ||
| 008 | 221004b |||||||| |||| 00| 0 hin d | ||
| 020 |
_a8179751082 (hbk) _c200 |
||
| 024 | _a98948 | ||
| 037 |
_b431, 25/03/2009, Swaraj Prakashan _cTextual |
||
| 040 |
_aCRL _cCRL _bhin |
||
| 041 |
_2hin _ahin |
||
| 082 | _aY:45N.73'P1, 152P5 | ||
| 100 | _aपवन कुमार सिंह | ||
| 245 | 0 | _aदहशतगर्द अमेरिका | |
| 246 | _aDahashatagarda amerikā | ||
| 260 |
_aनई दिल्ली _bअनामिका पब्लिशर्स एंड डिस्ट्रीब्यूटर्स {प्रा.} लि. भारत _c2005 |
||
| 300 |
_a132पृ0 _ccm. |
||
| 942 |
_hY:45N.73'P1, 152P5 _cTEXL _2cc |
||
| 999 |
_c1014913 _d1014913 |
||